Filmovanie Domice

Bibliographic Details
Main Author: -cký (Author)
Format: Article
Language:Slovak
Subjects:

MARC

LEADER 00000nab a2200000 a 4500
001 vtls001013273
003 SK-MaSNL
005 20260303042249.0
008 040720e19340101xo 0 slo
035 |a RVS131 
040 |a RVGKPD  |b slo  |c RVGKPD  |e AACR2 
041 0 |a slo 
044 |a xo  |c SK 
080 |a 551.442  |2 1981 
080 |a 791.43.05  |2 1981 
080 |a 659.1  |2 1981 
100 0 |a -cký.  |4 aut  |9 923798 
245 1 0 |a Filmovanie Domice 
650 0 7 |a jaskyne  |2 RVGKPD  |9 20772 
650 0 7 |a filmy propagačné  |2 RVGKPD  |9 1028294 
651 7 |a Domica (Slovensko : jaskyňa)  |2 RVGKPD  |9 22972 
655 7 |a periodikum  |2 snkbucl  |9 29553 
773 0 8 |t Šafárikov kraj  |g Roč. 3, č.44, 27.10.1934, s. 5 
852 |a ZVYKNI  |b KIS3GCP 
999 |c 1691213  |d 1693143